000 00593nam a2200181 4500
001 140538
003 ES-MaACL
005 20230906200111.0
007 t|
008 070214s1933 fr r ||||1| fre d
080 _a008(44)(09)
100 1 _aSeignobos, Charles (
_d1854-1942)
_9105259
245 1 0 _aHistoire sincere de la nation française
_b: essai d'une histoire de l'evolution du peuple français /
_cCharles Seignobos.
250 _a19ème éd.
260 _aParis :
_bPresses Universitaires de France,
_c1933.
300 _aXII, 520 p. ;
_c19 x 12 cm.
852 _aES-MaACL
_jB-12857
999 _c140538
_d140538